[Event "EYCC 2024 - O08"]
[Site "?"]
[Date "2024.08.29"]
[Round "7.1"]
[White "Bartzos, Iasonas"]
[Black "Demchenko, Timofei"]
[Result "0-1"]
[BlackElo "1769"]
[WhiteElo "1583"]
[LiveChessVersion "1.4.8"]

1. e4 {[%clk 1:30:54]} e6 {[%clk 1:30:53]} 2. d4 {[%clk 1:31:10]} d5
{[%clk 1:31:19]} 3. Nd2 {[%clk 1:31:08]} c5 {[%clk 1:31:39]} 4. Ngf3
{[%clk 1:31:11]} Nc6 {[%clk 1:32:01]} 5. Bb5 {[%clk 1:30:42]} a6 {[%clk 1:32:27]}
6. Bxc6+ {[%clk 1:30:33]} bxc6 {[%clk 1:32:55]} 7. dxc5 {[%clk 1:27:23]} Bxc5
{[%clk 1:32:25]} 8. exd5 exd5 {[%clk 1:30:31]} 9. O-O {[%clk 1:19:23]} Nf6
{[%clk 1:24:03]} 10. Re1+ {[%clk 1:18:48]} Be6 {[%clk 1:24:26]} 11. Qe2
{[%clk 1:10:26]} O-O {[%clk 1:19:37]} 12. h3 {[%clk 1:06:37]} Re8
{[%clk 1:17:34]} 13. Qd1 {[%clk 1:03:47]} Qb6 {[%clk 1:12:14]} 14. Rf1
{[%clk 1:00:21]} Ne4 {[%clk 1:10:02]} 15. Nxe4 {[%clk 0:59:05]} dxe4
{[%clk 1:10:22]} 16. Nd2 {[%clk 0:57:31]} Bxf2+ {[%clk 1:09:06]} 17. Kh1
{[%clk 0:53:56]} e3 {[%clk 1:08:36]} 18. Ne4 {[%clk 0:52:40]} Bc4
{[%clk 1:08:53]} 19. Qg4 {[%clk 0:50:40]} Kh8 {[%clk 0:58:58]} 20. Ng5
{[%clk 0:49:26]} e2 {[%clk 0:57:59]} 21. Bf4 {[%clk 0:49:16]} exf1=Q+
{[%clk 0:56:35]} 22. Rxf1 {[%clk 0:49:26]} f6 23. Bc7 {[%clk 0:42:53]} Qxc7
{[%clk 0:54:06]} 24. Qxc4 {[%clk 0:42:50]} fxg5 {[%clk 0:54:15]} 25. Rxf2
{[%clk 0:42:34]} Re1+ {[%clk 0:54:40]} 26. Rf1 {[%clk 0:42:54]} Rxf1+
{[%clk 0:55:04]} 27. Qxf1 {[%clk 0:43:18]} Re8 {[%clk 0:54:39]} 28. c4
{[%clk 0:43:08]} Qg3 {[%clk 0:54:56]} 0-1

[Event "EYCC 2024 - O08"]
[Site "?"]
[Date "2024.08.29"]
[Round "7.2"]
[White "Hu, Junyan"]
[Black "Czachurski, Ignacy"]
[Result "1/2-1/2"]
[BlackElo "1525"]
[WhiteElo "1720"]
[LiveChessVersion "1.4.8"]

1. e4 {[%clk 1:30:48]} e5 {[%clk 1:30:45]} 2. Nf3 {[%clk 1:31:08]} Nc6
{[%clk 1:31:02]} 3. Bc4 {[%clk 1:31:07]} Bc5 {[%clk 1:31:18]} 4. c3
{[%clk 1:30:52]} Nf6 {[%clk 1:31:21]} 5. d4 {[%clk 1:31:15]} exd4
{[%clk 1:31:25]} 6. e5 {[%clk 1:31:10]} d5 {[%clk 1:31:06]} 7. Bb5
{[%clk 1:31:31]} Ne4 {[%clk 1:30:48]} 8. cxd4 {[%clk 1:31:42]} Bb6
{[%clk 1:30:43]} 9. Nc3 {[%clk 1:31:03]} O-O {[%clk 1:30:30]} 10. Be3
{[%clk 1:29:04]} Bg4 {[%clk 1:29:00]} 11. h3 {[%clk 1:28:48]} Bh5
{[%clk 1:29:04]} 12. Qc2 {[%clk 1:28:34]} Nxc3 {[%clk 1:28:34]} 13. bxc3
{[%clk 1:27:49]} f6 {[%clk 1:28:36]} 14. exf6 {[%clk 1:18:45]} Qxf6
{[%clk 1:28:31]} 15. Be2 {[%clk 1:18:27]} Na5 {[%clk 1:26:48]} 16. Ne5
{[%clk 1:15:21]} Bxe2 {[%clk 1:26:49]} 17. Qxe2 {[%clk 1:12:34]} Qe6
{[%clk 1:25:00]} 18. f4 {[%clk 1:10:27]} Rae8 {[%clk 1:24:40]} 19. O-O
{[%clk 1:01:25]} Nc4 {[%clk 1:20:58]} 20. Qd3 {[%clk 0:58:49]} Nxe5
{[%clk 1:18:34]} 21. dxe5 {[%clk 0:53:10]} g5 {[%clk 1:18:49]} 22. Bxb6
{[%clk 0:53:26]} Qxb6+ {[%clk 1:13:51]} 23. Kh1 {[%clk 0:52:44]} Qe6
{[%clk 1:10:35]} 24. Qg3 Rf5 25. h4 {[%clk 0:49:43]} h6 {[%clk 1:09:17]} 26. Rae1
{[%clk 0:46:39]} Ref8 {[%clk 1:07:42]} 27. Rf3 {[%clk 0:36:20]} Rxf4
{[%clk 0:56:55]} 28. hxg5 {[%clk 0:35:25]} Rxf3 {[%clk 0:55:20]} 29. gxf3
{[%clk 0:33:57]} Qg6 {[%clk 0:54:39]} 30. Rg1 {[%clk 0:18:30]} Kh7
{[%clk 0:48:57]} 31. e6 {[%clk 0:06:04]} Qh5+ {[%clk 0:44:41]} 32. Kg2
{[%clk 0:05:34]} Qxg5 {[%clk 0:44:47]} 33. Qxg5 {[%clk 0:01:14]} hxg5
{[%clk 0:45:05]} 34. Rd1 {[%clk 0:01:42]} c6 {[%clk 0:43:33]} 35. c4
{[%clk 0:01:59]} Re8 {[%clk 0:41:58]} 36. cxd5 {[%clk 0:02:21]} cxd5
{[%clk 0:42:16]} 37. Rxd5 {[%clk 0:02:49]} Rxe6 {[%clk 0:42:34]} 38. Rd7+
{[%clk 0:03:16]} Kg6 {[%clk 0:42:42]} 39. Rxb7 {[%clk 0:03:01]} Re2+
{[%clk 0:43:04]} 40. Kg3 {[%clk 0:03:27]} Rxa2 {[%clk 0:43:03]} 41. Rc7
{[%clk 0:03:23]} a5 {[%clk 0:42:33]} 42. Rc6+ {[%clk 0:03:48]} Kh5
{[%clk 0:42:12]} 43. Rc5 {[%clk 0:04:04]} Kg6 {[%clk 0:42:08]} 44. Rc6+
{[%clk 0:04:31]} Kh5 {[%clk 0:41:50]} 45. Rc5 {[%clk 0:04:58]} Ra3
{[%clk 0:41:43]} 46. Rb5 {[%clk 0:05:05]} a4 {[%clk 0:41:42]} 47. Ra5
{[%clk 0:05:31]} Ra1 {[%clk 0:41:27]} 48. f4 {[%clk 0:05:06]} a3 {[%clk 0:40:41]}
49. fxg5 {[%clk 0:05:16]} a2 {[%clk 0:40:58]} 50. Kg2 {[%clk 0:05:32]} Kg6
{[%clk 0:41:14]} 51. Kh2 {[%clk 0:06:00]} Rb1 {[%clk 0:40:57]} 52. Ra6+
{[%clk 0:06:04]} Kxg5 {[%clk 0:41:05]} 53. Rxa2 {[%clk 0:06:28]} Rb5
{[%clk 0:41:08]} 54. Rg2+ {[%clk 0:06:31]} Kh4 {[%clk 0:41:07]} 55. Rc2
{[%clk 0:06:51]} Rb4 {[%clk 0:41:21]} 56. Rc8 {[%clk 0:07:09]} Rb2+
{[%clk 0:41:36]} 57. Kg1 {[%clk 0:07:33]} 1/2-1/2

[Event "EYCC 2024 - O08"]
[Site "?"]
[Date "2024.08.29"]
[Round "7.3"]
[White "Protopopescu, Luca"]
[Black "Hanas, Markiyan"]
[Result "1-0"]
[BlackElo "1652"]
[WhiteElo "1849"]
[LiveChessVersion "1.4.8"]

1. Nf3 {[%clk 1:30:56]} Nf6 {[%clk 1:30:42]} 2. c4 {[%clk 1:31:15]} e6
{[%clk 1:30:52]} 3. Nc3 {[%clk 1:31:40]} d5 {[%clk 1:30:48]} 4. d4
{[%clk 1:31:41]} b6 5. Bg5 {[%clk 1:31:46]} Be7 {[%clk 1:28:48]} 6. cxd5
{[%clk 1:24:34]} exd5 {[%clk 1:23:14]} 7. Qb3 {[%clk 1:24:36]} Bb7
{[%clk 1:20:03]} 8. e3 {[%clk 1:22:56]} O-O {[%clk 1:06:04]} 9. Rd1
{[%clk 1:17:43]} Re8 {[%clk 1:04:06]} 10. Be2 {[%clk 1:15:59]} Ne4
{[%clk 1:01:56]} 11. Bxe7 {[%clk 1:12:46]} Rxe7 {[%clk 0:58:38]} 12. Nxe4
{[%clk 1:10:34]} dxe4 {[%clk 0:58:39]} 13. Ne5 {[%clk 1:10:29]} Nd7
{[%clk 0:54:02]} 14. f4 {[%clk 1:02:50]} exf3 {[%clk 0:50:26]} 15. Bxf3
{[%clk 1:02:14]} Bxf3 {[%clk 0:50:09]} 16. Nxf3 {[%clk 1:02:34]} Qe8
{[%clk 0:49:13]} 17. Rd3 {[%clk 1:00:41]} c5 {[%clk 0:48:02]} 18. O-O
{[%clk 1:00:34]} cxd4 19. exd4 {[%clk 0:59:30]} Re2 {[%clk 0:43:48]} 20. Ng5
{[%clk 0:51:28]} Re1 {[%clk 0:38:44]} 21. Rdf3 {[%clk 0:48:08]} Rxf1+
{[%clk 0:38:59]} 22. Rxf1 {[%clk 0:48:30]} Nf6 {[%clk 0:37:57]} 23. Qg3
{[%clk 0:45:09]} Qe7 {[%clk 0:34:42]} 24. Qd3 {[%clk 0:38:28]} Rd8
{[%clk 0:31:59]} 25. Nf3 {[%clk 0:35:58]} Qe4 {[%clk 0:31:01]} 26. Qa3
{[%clk 0:35:46]} a5 {[%clk 0:24:56]} 27. Re1 {[%clk 0:35:42]} Qf4
{[%clk 0:25:04]} 28. Qe7 {[%clk 0:35:54]} Qd6 {[%clk 0:25:08]} 29. Qb7
{[%clk 0:34:26]} g6 {[%clk 0:22:34]} 30. Kh1 {[%clk 0:30:30]} Rd7
{[%clk 0:20:55]} 31. Qa6 {[%clk 0:30:03]} Kg7 {[%clk 0:19:17]} 32. a3
{[%clk 0:26:16]} Rc7 {[%clk 0:15:27]} 33. Qb5 {[%clk 0:26:00]} Qc6
{[%clk 0:14:54]} 34. Qe5 {[%clk 0:26:15]} Rc8 {[%clk 0:14:42]} 35. Qg3
{[%clk 0:26:10]} Re8 {[%clk 0:14:36]} 36. Rxe8 {[%clk 0:25:42]} Nxe8
{[%clk 0:14:16]} 37. Qe5+ {[%clk 0:26:01]} Nf6 {[%clk 0:14:33]} 38. h4
{[%clk 0:25:51]} Qc1+ {[%clk 0:14:50]} 39. Ng1 {[%clk 0:26:08]} Qxb2
{[%clk 0:14:00]} 40. h5 {[%clk 0:26:03]} Qf2 {[%clk 0:12:54]} 41. Nf3
{[%clk 0:26:17]} Qf1+ {[%clk 0:12:43]} 42. Kh2 {[%clk 0:26:23]} Qc1
{[%clk 0:12:42]} 43. g4 {[%clk 0:26:04]} Qe3 {[%clk 0:11:45]} 44. h6+
{[%clk 0:24:53]} Qxh6+ {[%clk 0:12:09]} 45. Kg2 {[%clk 0:25:13]} g5
{[%clk 0:11:46]} 46. d5 {[%clk 0:24:36]} Qg6 {[%clk 0:02:29]} 47. d6
{[%clk 0:24:22]} Kg8 {[%clk 0:02:25]} 48. Nd4 {[%clk 0:23:28]} Qg7
{[%clk 0:00:35]} 49. Nf5 {[%clk 0:23:27]} Qh8 {[%clk 0:00:34]} 50. d7
{[%clk 0:23:34]} Nxd7 {[%clk 0:00:53]} 51. Nh6+ {[%clk 0:23:59]} Kf8
{[%clk 0:01:15]} 52. Qxh8+ {[%clk 0:24:23]} Ke7 {[%clk 0:01:38]} 53. Qxh7
{[%clk 0:24:43]} Ne5 {[%clk 0:01:59]} 54. Qf5 {[%clk 0:25:05]} Ng6
{[%clk 0:02:19]} 55. Qxf7+ {[%clk 0:25:29]} Kd8 {[%clk 0:02:35]} 56. Qxg6
{[%clk 0:25:53]} Kc7 {[%clk 0:02:59]} 57. Qe6 {[%clk 0:26:03]} Kb7
{[%clk 0:03:16]} 58. Qd7+ {[%clk 0:26:11]} Ka6 {[%clk 0:03:40]} 59. a4
{[%clk 0:26:26]} b5 {[%clk 0:04:05]} 60. Qxb5+ {[%clk 0:26:50]} Ka7
{[%clk 0:04:28]} 61. Nf7 {[%clk 0:26:56]} Ka8 {[%clk 0:04:53]} 62. Nd6
{[%clk 0:27:21]} Ka7 {[%clk 0:05:19]} 63. Qb7# {[%clk 0:27:47]} 1-0

[Event "EYCC 2024 - O08"]
[Site "?"]
[Date "2024.08.29"]
[Round "7.4"]
[White "Veladzic, Isak"]
[Black "Aker, Meric Zeynel"]
[Result "1/2-1/2"]
[BlackElo "1676"]
[WhiteElo "1788"]
[LiveChessVersion "1.4.8"]

1. d4 {[%clk 1:30:50]} Nf6 {[%clk 1:30:48]} 2. c4 {[%clk 1:30:37]} c5
{[%clk 1:30:34]} 3. d5 {[%clk 1:29:05]} b5 {[%clk 1:29:43]} 4. e3
{[%clk 1:26:01]} bxc4 {[%clk 1:26:14]} 5. Bxc4 {[%clk 1:25:10]} g6
{[%clk 1:24:44]} 6. b3 {[%clk 1:17:45]} Bg7 {[%clk 1:23:16]} 7. Bb2
{[%clk 1:15:39]} d6 {[%clk 1:21:16]} 8. Ne2 {[%clk 1:11:37]} O-O {[%clk 1:16:46]}
9. O-O {[%clk 1:09:39]} Nbd7 {[%clk 1:14:42]} 10. Nd2 {[%clk 1:05:03]} Nb6
{[%clk 1:11:48]} 11. e4 {[%clk 1:01:52]} Nxc4 {[%clk 1:07:04]} 12. bxc4
{[%clk 1:00:11]} Rb8 {[%clk 1:01:49]} 13. Bc3 {[%clk 0:52:44]} Nd7 14. Bxg7
{[%clk 0:49:50]} Kxg7 {[%clk 0:50:42]} 15. Qc2 {[%clk 0:49:08]} Qa5
{[%clk 0:48:00]} 16. Rab1 {[%clk 0:43:39]} Ba6 {[%clk 0:43:40]} 17. Rb3
{[%clk 0:37:58]} Rxb3 {[%clk 0:36:38]} 18. axb3 {[%clk 0:36:42]} Qb6
{[%clk 0:28:56]} 19. Ra1 {[%clk 0:33:47]} Ra8 {[%clk 0:27:04]} 20. Qc3+
{[%clk 0:29:35]} Kg8 {[%clk 0:26:27]} 21. Ra5 {[%clk 0:25:43]} Bb7
{[%clk 0:23:08]} 22. Rb5 {[%clk 0:23:32]} Qc7 {[%clk 0:23:24]} 23. h3
{[%clk 0:21:50]} a5 {[%clk 0:20:24]} 24. Nc1 {[%clk 0:17:11]} a4 {[%clk 0:20:03]}
25. bxa4 {[%clk 0:16:49]} Rxa4 {[%clk 0:20:13]} 26. Qb3 {[%clk 0:16:33]} Ra7
{[%clk 0:20:36]} 27. Qb2 {[%clk 0:15:43]} Ba6 {[%clk 0:19:55]} 28. Rb3
{[%clk 0:15:51]} Rb7 {[%clk 0:20:14]} 29. Qa1 {[%clk 0:15:17]} Rxb3
{[%clk 0:20:08]} 30. Ncxb3 {[%clk 0:15:24]} Qb6 {[%clk 0:17:08]} 31. Qa4
{[%clk 0:15:18]} Nf8 {[%clk 0:15:47]} 32. Na5 {[%clk 0:13:44]} Qb2
{[%clk 0:14:33]} 33. Nab3 {[%clk 0:13:07]} Bb7 {[%clk 0:13:01]} 34. Qa7
{[%clk 0:12:28]} Bc8 {[%clk 0:12:46]} 35. Qxe7 {[%clk 0:12:30]} Ba6
{[%clk 0:12:35]} 36. Qxd6 {[%clk 0:12:40]} Bxc4 {[%clk 0:12:31]} 37. Nxc4
{[%clk 0:12:58]} Qxb3 {[%clk 0:12:58]} 38. Qxc5 {[%clk 0:12:57]} Qb1+
{[%clk 0:13:23]} 39. Kh2 {[%clk 0:12:49]} Qxe4 {[%clk 0:13:50]} 40. d6
{[%clk 0:12:44]} Ne6 {[%clk 0:13:26]} 41. Qc8+ {[%clk 0:04:24]} Kg7
{[%clk 0:13:54]} 42. d7 {[%clk 0:03:17]} Qf4+ {[%clk 0:14:17]} 1/2-1/2

[Event "EYCC 2024 - O08"]
[Site "?"]
[Date "2024.08.29"]
[Round "7.5"]
[White "Vasiloi, Leonard"]
[Black "Vo, Daniel"]
[Result "1-0"]
[BlackElo "1707"]
[WhiteElo "1565"]
[LiveChessVersion "1.4.8"]

1. e4 {[%clk 1:30:57]} Nf6 {[%clk 1:30:51]} 2. e5 {[%clk 1:31:21]} Nd5
{[%clk 1:31:16]} 3. c4 {[%clk 1:31:45]} Nb6 {[%clk 1:31:35]} 4. d4
{[%clk 1:32:09]} d6 {[%clk 1:31:52]} 5. f4 {[%clk 1:32:30]} g6 {[%clk 1:31:53]}
6. Nc3 {[%clk 1:31:12]} Bg7 {[%clk 1:32:02]} 7. Be3 {[%clk 1:22:53]} h5
{[%clk 1:28:45]} 8. c5 {[%clk 1:22:31]} N6d7 {[%clk 1:25:39]} 9. e6
{[%clk 1:22:14]} fxe6 {[%clk 1:19:31]} 10. Bd3 {[%clk 1:22:38]} Nf8
{[%clk 1:19:11]} 11. Qc2 {[%clk 1:22:46]} Kf7 {[%clk 1:17:01]} 12. Nf3
{[%clk 1:23:11]} Qe8 {[%clk 1:14:30]} 13. Ne4 {[%clk 1:21:26]} d5
{[%clk 1:05:34]} 14. Neg5+ {[%clk 1:21:43]} Kg8 {[%clk 1:05:24]} 15. Ne5
{[%clk 1:21:56]} Nc6 {[%clk 1:00:36]} 16. a3 {[%clk 1:14:58]} Nxe5
{[%clk 0:48:45]} 17. fxe5 {[%clk 1:15:13]} Bh6 {[%clk 0:41:28]} 18. O-O
{[%clk 1:15:24]} Bxg5 {[%clk 0:37:27]} 19. Bxg5 {[%clk 1:15:39]} Rh7
{[%clk 0:36:43]} 20. Rf4 {[%clk 1:14:19]} Rg7 {[%clk 0:23:46]} 21. Raf1
{[%clk 1:14:17]} Nd7 {[%clk 0:20:53]} 22. Bh6 {[%clk 1:13:59]} g5
{[%clk 0:19:55]} 23. R4f2 {[%clk 1:13:53]} b6 {[%clk 0:19:23]} 24. c6
{[%clk 1:14:05]} h4 {[%clk 0:19:12]} 25. cxd7 {[%clk 1:14:22]} Qxd7
{[%clk 0:18:27]} 26. Rf8# {[%clk 1:14:46]} 1-0

[Event "EYCC 2024 - O08"]
[Site "?"]
[Date "2024.08.29"]
[Round "7.6"]
[White "Badescu, Matei-Andrei"]
[Black "Puzas, Kasparas"]
[Result "0-1"]
[BlackElo "1558"]
[WhiteElo "1791"]
[LiveChessVersion "1.4.8"]

1. e4 {[%clk 1:30:54]} c5 {[%clk 1:30:59]} 2. c3 {[%clk 1:31:15]} d5
{[%clk 1:31:20]} 3. exd5 {[%clk 1:31:37]} Qxd5 {[%clk 1:31:31]} 4. d4
{[%clk 1:31:59]} Nc6 {[%clk 1:31:57]} 5. Nf3 {[%clk 1:32:14]} Bf5
{[%clk 1:32:19]} 6. Be3 {[%clk 1:32:22]} cxd4 {[%clk 1:30:06]} 7. Nxd4
{[%clk 1:32:13]} Nxd4 {[%clk 1:30:22]} 8. cxd4 {[%clk 1:32:26]} Nf6
{[%clk 1:21:21]} 9. Nc3 {[%clk 1:32:27]} Qd8 {[%clk 1:21:21]} 10. d5
{[%clk 1:32:34]} e5 {[%clk 1:14:24]} 11. Qb3 Be7 {[%clk 0:59:24]} 12. Bc4
{[%clk 1:29:34]} O-O {[%clk 0:56:44]} 13. O-O {[%clk 1:29:18]} Qd7
{[%clk 0:54:29]} 14. Rad1 {[%clk 1:29:25]} Rac8 {[%clk 0:41:25]} 15. Bxa7
{[%clk 1:24:03]} Ne4 {[%clk 0:21:16]} 16. Nxe4 {[%clk 1:22:27]} Bxe4
{[%clk 0:21:01]} 17. f3 {[%clk 1:22:17]} b5 {[%clk 0:20:39]} 18. fxe4
{[%clk 1:21:14]} Qxa7+ {[%clk 0:20:20]} 19. Kh1 {[%clk 1:21:10]} bxc4
{[%clk 0:20:37]} 20. Qh3 {[%clk 1:20:49]} Bd6 {[%clk 0:20:36]} 21. a3
{[%clk 1:21:00]} Rb8 {[%clk 0:19:50]} 22. Rd2 {[%clk 1:20:40]} Rb3
{[%clk 0:19:34]} 23. Qf5 {[%clk 1:20:23]} c3 {[%clk 0:15:23]} 24. bxc3
{[%clk 1:20:40]} Rxc3 {[%clk 0:15:42]} 25. h3 {[%clk 1:20:52]} Qxa3
{[%clk 0:14:18]} 26. Rdf2 {[%clk 1:21:01]} Bc5 {[%clk 0:14:01]} 27. Rd2
{[%clk 1:20:41]} Bd4 {[%clk 0:13:29]} 28. Rdd1 {[%clk 1:20:06]} Rd3
{[%clk 0:13:32]} 29. Rb1 {[%clk 1:20:12]} Rb3 {[%clk 0:13:53]} 30. Rbc1
{[%clk 1:20:35]} g6 {[%clk 0:13:35]} 31. Qd7 {[%clk 1:20:49]} Bc3
{[%clk 0:05:16]} 32. d6 {[%clk 1:20:07]} Qa6 {[%clk 0:04:43]} 33. Qe7
{[%clk 1:17:08]} Bb4 {[%clk 0:03:45]} 34. Qxe5 {[%clk 1:13:53]} Bxd6
{[%clk 0:04:00]} 35. Qf6 {[%clk 1:13:50]} Rb6 {[%clk 0:04:22]} 36. e5
{[%clk 1:12:59]} Ba3 {[%clk 0:04:31]} 37. Qf3 {[%clk 1:07:46]} Bxc1
{[%clk 0:04:30]} 38. Rxc1 {[%clk 1:08:02]} Qb7 {[%clk 0:04:55]} 39. Qf1
{[%clk 1:08:24]} Rb8 {[%clk 0:05:13]} 0-1

[Event "EYCC 2024 - O08"]
[Site "?"]
[Date "2024.08.29"]
[Round "7.7"]
[White "Arsenijevic, Matija"]
[Black "Dede, Omer Taha"]
[Result "0-1"]
[BlackElo "1547"]
[WhiteElo "1760"]
[LiveChessVersion "1.4.8"]

1. d4 {[%clk 1:30:59]} Nf6 {[%clk 1:30:30]} 2. c4 {[%clk 1:31:21]} e6
{[%clk 1:30:30]} 3. Nc3 {[%clk 1:31:43]} Bb4 {[%clk 1:30:30]} 4. Bd2
{[%clk 1:32:06]} b6 {[%clk 1:30:30]} 5. a3 {[%clk 1:31:30]} Bxc3 {[%clk 1:30:30]}
6. Bxc3 {[%clk 1:31:34]} d5 {[%clk 1:30:30]} 7. e3 {[%clk 1:31:10]} Bb7
{[%clk 1:30:00]} 8. Nf3 {[%clk 1:30:42]} O-O {[%clk 1:30:00]} 9. Bd3
{[%clk 1:29:55]} Ne4 {[%clk 1:28:30]} 10. Bxe4 {[%clk 1:28:50]} dxe4
{[%clk 1:28:30]} 11. Nd2 {[%clk 1:28:29]} Nd7 {[%clk 1:28:00]} 12. O-O
{[%clk 1:26:30]} c5 {[%clk 1:27:30]} 13. b4 {[%clk 1:23:30]} cxd4
{[%clk 1:27:01]} 14. exd4 {[%clk 1:23:20]} Rc8 {[%clk 1:24:00]} 15. Re1
{[%clk 1:20:40]} Re8 {[%clk 1:20:30]} 16. Qb3 {[%clk 1:19:59]} f5
{[%clk 1:19:00]} 17. Bb2 {[%clk 1:16:24]} Qg5 {[%clk 1:17:01]} 18. Qd1
{[%clk 1:07:27]} e3 {[%clk 1:15:30]} 19. Nf3 {[%clk 1:07:47]} Bxf3
{[%clk 1:14:30]} 20. Qxf3 {[%clk 1:07:34]} exf2+ {[%clk 1:14:30]} 21. Qxf2
{[%clk 1:07:08]} Rxc4 {[%clk 1:13:00]} 22. Qe2 {[%clk 1:06:38]} Rcc8
{[%clk 1:12:30]} 23. Rac1 {[%clk 1:03:23]} Rxc1 {[%clk 1:12:00]} 24. Rxc1
{[%clk 1:03:20]} Nf6 {[%clk 1:11:00]} 25. Qb5 {[%clk 0:58:53]} Rf8
{[%clk 1:06:00]} 26. Qe2 {[%clk 0:58:29]} Re8 {[%clk 0:58:00]} 27. Rd1
{[%clk 0:55:23]} Nd5 28. Bc1 {[%clk 0:53:55]} Qe7 {[%clk 0:55:30]} 29. Qe1
{[%clk 0:52:25]} Qc7 {[%clk 0:53:30]} 30. Bb2 {[%clk 0:50:07]} Qc2
{[%clk 0:52:30]} 31. Rd2 {[%clk 0:49:27]} Qb3 {[%clk 0:51:30]} 32. Kh1
{[%clk 0:47:49]} Kf7 {[%clk 0:43:30]} 33. Qc1 {[%clk 0:43:16]} Re7
{[%clk 0:39:30]} 34. Qf1 {[%clk 0:40:51]} Rc7 {[%clk 0:35:30]} 35. Qd3
{[%clk 0:38:30]} Qxb2 {[%clk 0:34:00]} 36. h3 {[%clk 0:37:33]} Qc1+ 0-1

[Event "EYCC 2024 - O08"]
[Site "?"]
[Date "2024.08.29"]
[Round "7.8"]
[White "Szumiec, Jan"]
[Black "Le Doan, Minh Thuc"]
[Result "1-0"]
[BlackElo "1644"]
[WhiteElo "1560"]
[LiveChessVersion "1.4.8"]

1. e4 {[%clk 1:30:13]} c6 {[%clk 1:29:35]} 2. d4 {[%clk 1:30:35]} d5
{[%clk 1:30:01]} 3. exd5 {[%clk 1:30:54]} cxd5 {[%clk 1:30:25]} 4. Bd3
{[%clk 1:31:14]} Nc6 {[%clk 1:30:23]} 5. c3 {[%clk 1:31:26]} g6 {[%clk 1:29:51]}
6. h3 {[%clk 1:31:27]} Bg7 {[%clk 1:29:33]} 7. Nf3 {[%clk 1:31:30]} Qc7
{[%clk 1:27:41]} 8. O-O {[%clk 1:28:10]} Nf6 {[%clk 1:24:02]} 9. Nbd2
{[%clk 1:20:48]} Bf5 {[%clk 1:18:12]} 10. Bxf5 {[%clk 1:15:09]} gxf5
{[%clk 1:17:46]} 11. Nb3 {[%clk 1:13:49]} O-O-O 12. Nc5 {[%clk 1:11:06]} Ne4
{[%clk 1:17:24]} 13. Nxe4 {[%clk 1:05:35]} fxe4 {[%clk 1:17:35]} 14. Ng5
{[%clk 1:04:56]} Rdf8 {[%clk 1:16:37]} 15. Qh5 {[%clk 0:54:27]} e6
{[%clk 1:15:33]} 16. h4 {[%clk 0:49:08]} h6 {[%clk 1:13:11]} 17. Nh3
{[%clk 0:49:33]} e5 {[%clk 1:13:34]} 18. Qf5+ {[%clk 0:39:41]} Kb8
{[%clk 1:13:43]} 19. Be3 {[%clk 0:37:51]} Qe7 {[%clk 1:09:32]} 20. b4
{[%clk 0:25:14]} Qxh4 {[%clk 1:04:18]} 21. dxe5 {[%clk 0:23:05]} Nxe5
{[%clk 1:03:53]} 22. Bf4 Qf6 {[%clk 1:03:50]} 23. Qd7 {[%clk 0:21:13]} Qc6
{[%clk 1:01:24]} 24. Qg4 {[%clk 0:18:41]} Bf6 {[%clk 1:01:28]} 25. Qg3
{[%clk 0:17:04]} Qe6 {[%clk 1:00:50]} 26. Rfe1 {[%clk 0:16:39]} Ka8
{[%clk 1:00:29]} 27. Bxe5 {[%clk 0:13:57]} Qxe5 {[%clk 0:58:31]} 28. Qe3
{[%clk 0:14:00]} Qxc3 {[%clk 0:58:36]} 29. Qf4 {[%clk 0:12:57]} Qxa1
{[%clk 0:58:14]} 30. Rxa1 {[%clk 0:13:09]} Bxa1 {[%clk 0:58:35]} 31. a4
{[%clk 0:12:47]} f6 {[%clk 0:57:01]} 32. b5 {[%clk 0:12:34]} Be5 {[%clk 0:57:18]}
33. Qe3 {[%clk 0:11:49]} f5 {[%clk 0:57:33]} 34. a5 {[%clk 0:12:09]} d4 35. Qb3
{[%clk 0:12:23]} Rd8 {[%clk 0:56:50]} 36. a6 {[%clk 0:12:38]} b6 {[%clk 0:56:32]}
37. Qf7 {[%clk 0:12:40]} Bc7 {[%clk 0:54:04]} 38. Qxc7 {[%clk 0:12:38]} Rb8
{[%clk 0:54:26]} 39. Qc6+ {[%clk 0:13:04]} Rb7 {[%clk 0:54:46]} 40. Qxb7#
{[%clk 0:13:27]} 1-0

[Event "EYCC 2024 - O08"]
[Site "?"]
[Date "2024.08.29"]
[Round "7.9"]
[White "Zidek, Damian"]
[Black "Ari, Yigitcan"]
[Result "1-0"]
[BlackElo "1499"]
[WhiteElo "1582"]
[LiveChessVersion "1.4.8"]

1. d4 {[%clk 1:30:55]} e6 {[%clk 1:30:50]} 2. c4 {[%clk 1:31:19]} f5
{[%clk 1:30:25]} 3. Nc3 {[%clk 1:31:38]} Nf6 {[%clk 1:30:14]} 4. Nf3
{[%clk 1:31:51]} d5 {[%clk 1:30:11]} 5. Bf4 {[%clk 1:32:08]} c6 {[%clk 1:30:18]}
6. e3 {[%clk 1:32:02]} Bd6 {[%clk 1:29:56]} 7. Bxd6 {[%clk 1:32:09]} Qxd6
{[%clk 1:30:17]} 8. a3 {[%clk 1:31:36]} Nbd7 {[%clk 1:29:52]} 9. Rc1
{[%clk 1:31:14]} Ne4 {[%clk 1:29:36]} 10. cxd5 {[%clk 1:30:44]} exd5
{[%clk 1:29:42]} 11. Be2 {[%clk 1:30:04]} O-O {[%clk 1:28:55]} 12. O-O
{[%clk 1:30:04]} h6 {[%clk 1:26:24]} 13. Nd2 {[%clk 1:28:06]} Ndf6
{[%clk 1:25:10]} 14. Ndxe4 {[%clk 1:23:44]} Nxe4 {[%clk 1:22:39]} 15. f3
{[%clk 1:22:39]} Ng5 {[%clk 1:22:08]} 16. f4 {[%clk 1:21:35]} Ne4
{[%clk 1:21:27]} 17. Nxe4 {[%clk 1:21:30]} dxe4 {[%clk 1:21:01]} 18. Qb3+
{[%clk 1:21:11]} Kh7 {[%clk 1:19:34]} 19. Rfd1 {[%clk 1:21:08]} Qf6
{[%clk 1:15:54]} 20. g3 {[%clk 1:19:56]} g5 {[%clk 1:13:59]} 21. Kh1
{[%clk 1:19:47]} g4 {[%clk 1:11:52]} 22. d5 {[%clk 1:18:58]} cxd5
{[%clk 1:10:16]} 23. Qxd5 {[%clk 1:18:27]} Qb6 {[%clk 1:07:33]} 24. Qd4
{[%clk 1:17:55]} Qxd4 {[%clk 0:58:46]} 25. Rxd4 {[%clk 1:18:06]} Kg6
{[%clk 0:57:44]} 26. Rc7 {[%clk 1:17:17]} b6 {[%clk 0:53:53]} 27. Rd6+
{[%clk 1:16:41]} Rf6 {[%clk 0:54:03]} 28. Rd8 {[%clk 1:16:57]} Bb7
{[%clk 0:54:03]} 29. Rdd7 {[%clk 1:16:58]} Bc8 {[%clk 0:53:26]} 30. Rg7+
{[%clk 1:16:22]} Kh5 {[%clk 0:53:28]} 31. Rg8 {[%clk 1:14:36]} Bb7
{[%clk 0:53:01]} 32. Rxa8 {[%clk 1:14:35]} Bxa8 {[%clk 0:53:19]} 33. Rxa7
{[%clk 1:14:26]} Bd5 {[%clk 0:53:04]} 34. Rd7 {[%clk 1:14:13]} Bb3
{[%clk 0:52:44]} 35. h3 {[%clk 1:14:17]} Rc6 {[%clk 0:52:26]} 36. hxg4+
{[%clk 1:13:50]} fxg4 {[%clk 0:52:39]} 37. Rd2 {[%clk 1:11:32]} Rc5
{[%clk 0:49:13]} 38. Kg2 {[%clk 1:10:45]} Rc6 {[%clk 0:48:16]} 39. Kf2
{[%clk 1:10:04]} Rc1 {[%clk 0:46:44]} 40. Bf1 {[%clk 1:09:14]} Rb1
{[%clk 0:45:16]} 41. Bg2 {[%clk 1:09:23]} Rc1 {[%clk 0:44:19]} 42. Bxe4
{[%clk 1:09:33]} Rc5 {[%clk 0:43:44]} 43. Ke2 {[%clk 1:09:09]} Rc1
{[%clk 0:42:45]} 44. Rd6 {[%clk 1:08:37]} Bc4+ {[%clk 0:42:34]} 45. Kd2
{[%clk 1:08:38]} 1-0